Filatelia para jóvenes (Registro nro. 59389)
[ vista simple ]
| 000 -CABECERA | |
|---|---|
| campo de control de longitud fija | 00756nam a2200277 i 4500 |
| 001 - NÚMERO DE CONTROL | |
| campo de control | 000038620 |
| 003 - IDENTIFICADOR DEL NÚMERO DE CONTROL | |
| campo de control | DO-SdBNP |
| 005 - FECHA Y HORA DE LA ÚLTIMA TRANSACCIÓN | |
| campo de control | 20250627105355.0 |
| 007 - CAMPO FIJO DE DESCRIPCIÓN FÍSICA--INFORMACIÓN GENERAL | |
| campo de control de longitud fija | ta |
| 008 - DATOS DE LONGITUD FIJA--INFORMACIÓN GENERAL | |
| campo de control de longitud fija | 250627s2011 dr 000 0 spa d |
| 040 ## - FUENTE DE LA CATALOGACIÓN | |
| Centro catalogador/agencia de origen | DO-SdBNP |
| Lengua de catalogación | spa |
| Centro/agencia transcriptor | BNPHU |
| Centro/agencia modificador | rda |
| 041 ## - CÓDIGO DE LENGUA | |
| Código de lengua original | sp |
| 082 ## - NÚMERO DE LA CLASIFICACIÓN DECIMAL DEWEY | |
| Número de clasificación | xxx |
| Número de documento/Ítem | R426f |
| Número de edición | 22 |
| 100 ## - ENTRADA PRINCIPAL--NOMBRE DE PERSONA | |
| 9 (RLIN) | 64953 |
| 110 ## - ENTRADA PRINCIPAL--NOMBRE DE ENTIDAD CORPORATIVA | |
| Nombre de entidad corporativa o nombre de jurisdicción como elemento de entrada | República Dominicana. |
| Unidad subordinada | Instituto Postal Dominicano |
| 9 (RLIN) | 88206 |
| 111 ## - ENTRADA PRINCIPAL--NOMBRE DE CONGRESO/REUNIÓN | |
| 9 (RLIN) | 88205 |
| 245 10 - MENCIÓN DE TÍTULO | |
| Título | Filatelia para jóvenes |
| 264 ## - PRODUCCIÓN, PUBLICACIÓN, DISTRIBUCIÓN, FABRICACIÓN Y COPYRIGHT | |
| Producción, publicación, distribución, fabricación y copyright | Santo Domingo : |
| Nombre del de productor, editor, distribuidor, fabricante | Ediciones Cosette Alvarez, |
| Fecha de producción, publicación, distribución, fabricación o copyright | 2011 |
| 300 ## - DESCRIPCIÓN FÍSICA | |
| Extensión | 32 páginas. ; |
| Dimensiones | 23 cm. |
| 336 ## - TIPO DE CONTENIDO | |
| Término de tipo de contenido | rdacontent |
| Código de tipo de contenido | texto |
| Fuente | txt |
| 337 ## - TIPO DE MEDIO | |
| Nombre/término del tipo de medio | rdamedia |
| Código del tipo de medio | sin mediación |
| Fuente | n |
| 338 ## - TIPO DE SOPORTE | |
| Nombre/término del tipo de soporte | rdacarrier |
| Código del tipo de soporte | volumen |
| Fuente | nc |
| 590 ## - NOTA LOCAL (RLIN) | |
| Nota local | Inventariado, 2025/DG |
| 910 ## - DATOS DE OPCIÓN DEL USUARIO (OCLC) | |
| Datos de opción del usuario | DG |
| 942 ## - ELEMENTOS DE PUNTO DE ACCESO ADICIONAL (KOHA) | |
| Fuente del sistema de clasificación o colocación | Dewey Decimal Classification |
| Tipo de ítem Koha | Folleto |
| Estado de retiro | Estado de pérdida | Fuente del sistema de clasificación o colocación | Restricciones de uso | No para préstamo | Código de colección | Localización permanente | Ubicación/localización actual | Ubicación en estantería | Fecha de adquisición | Fuente de adquisición | Total de préstamos | Signatura topográfica completa | Código de barras | Fecha visto por última vez | Precio válido a partir de | Tipo de ítem Koha |
|---|---|---|---|---|---|---|---|---|---|---|---|---|---|---|---|---|
| Dewey Decimal Classification | Excluido de préstamo | Patrimonio Dominicano | Biblioteca Nacional Pedro Henríquez Ureña | Biblioteca Nacional Pedro Henríquez Ureña | En catalogación | 27.06.2025 | donación | BNPHU PD R426f | 2025-5801 | 27.06.2025 | 27.06.2025 | Folleto |
